Spanish Airports by International Code - Statistics

General Stats
  • This quiz has been taken 201 times
    96 since last reset
  • The average score is 33 of 48
Answer Stats
International Code (IATA) Airport % Correct
MAD Adolfo Suárez Madrid-Barajas
97%
BCN Josep Tarradellas Barcelona-El Prat
97%
BIO Bilbao
93%
IBZ Ibiza
93%
AGP Málaga-Costa del Sol
93%
VLC Valencia
93%
ALC Alicante-Elche Miguel Hernández
91%
TFN Tenerife Norte
90%
TFS Tenerife Sur
90%
ZAZ Zaragoza
90%
SPC La Palma
87%
SVQ Sevilla
87%
PMI Palma de Mallorca
84%
VGO Vigo
84%
LPA Gran Canaria
83%
GRO Gerona-Costa Brava
81%
VLL Valladolid
80%
GRX Federico García Lorca Granada-Jaén
79%
MAH Menorca
77%
BJZ Badajoz
76%
XRY Jerez
74%
LCG La Coruña
74%
ODB Córdoba
73%
FUE Fuerteventura
73%
RMU Región de Murcia
73%
REU Reus
71%
VIT Vitoria
71%
ACE Lanzarote
69%
SLM Salamanca
67%
ABC Albacete
64%
EAS San Sebastián
64%
SCQ Santiago-Rosalía de Castro
64%
SDR Seve Ballesteros-Santander
64%
LEI Almería
63%
CDT Castellón-Costa Azahar
59%
OVD Asturias
57%
PNA Pamplona
57%
HSK Huesca-Pirineos
54%
LEN León
53%
ILD Lérida-Alguaire
50%
MLN Melilla
46%
RGS Burgos
43%
JCU Ceuta
43%
GMZ La Gomera
41%
VDE El Hierro
39%
RJL Logroño-Agoncillo
34%
AEI Algeciras
30%
LEU Andorra-La Seu
21%
No matching quizzes found
Score Distribution
Percent of People with Each Score
Percentile by Number Answered
Your Score History
You have not taken this quiz since the last reset